100 Biggest Cities of Morocco on a Map - Statistics

General Stats
  • This quiz has been taken 213 times
  • The average score is 19 of 100
Answers on the Map
Answers color-coded by a green-red scale on the quiz's map according to % correct below.
 
Answer Stats
Population City % Correct
3,218,036 Casablanca
98%
515,619 Rabat
95%
1,275,428 Tangier
95%
1,182,963 Fès
94%
1,014,813 Marrakesh
91%
504,768 Agadir
86%
506,224 Oujda
69%
556,512 Meknès
64%
422,757 Tétouan
61%
945,101 Salé
54%
82,962 Essaouira
51%
158,202 Nador
49%
323,888 Safi
46%
507,736 Kénitra
42%
79,218 Ouarzazate
41%
194,358 Mohammédia
36%
237,464 El Jadida
35%
209,594 Béni Mellal
34%
133,731 Larache
31%
50,225 Al Hoceïma
30%
46,168 Chefchaouen
29%
297,098 Témara
26%
97,687 Errachidia
25%
99,069 Berkane
24%
150,763 Taza
24%
126,729 Guelmim
23%
76,134 Tan-Tan
23%
83,496 Taroudant
23%
123,738 Khénifra
22%
195,931 Khouribga
22%
125,834 Khémisset
21%
86,595 Tiznit
21%
77,250 Fnideq
20%
171,556 Settat
19%
67,599 M'Diq
18%
168,687 Berrechid
16%
95,896 Martil
16%
42,294 Zagora
16%
57,657 Azrou
14%
210,870 Aït Melloul
13%
114,872 Ben Guerir
13%
55,722 Bouznika
13%
80,703 Guercif
13%
124,701 Ksar El Kébir
13%
86,903 Séfrou
12%
122,705 Skhirat
12%
200,359 Bouskoura
11%
62,648 Midelt
11%
75,037 Sidi Kacem
11%
137,512 Inezgane
10%
95,114 Sidi Slimane
10%
44,239 Tinghir
10%
56,201 Sidi Bennour
9%
100,402 Taourirt
9%
42,098 Azemmour
8%
93,776 Oued Zem
8%
86,851 Tamesna
8%
65,669 Youssoufia
8%
67,317 Benslimane
7%
41,359 El Hajeb
7%
107,133 Lqliâa
7%
50,508 Beni Ensar
6%
41,014 Jerada
6%
100,284 Oulad Teïma
6%
98,502 Aïn El Aouda
5%
48,138 Azilal
5%
60,804 Aïn Harrouda
4%
302,970 Dar Bouazza
4%
113,041 Dcheira El Jihadia
4%
96,619 Deroua
4%
70,894 Souk El Arbaa
4%
47,209 Bejaâd
3%
50,626 Biougra
3%
78,830 Drargua
3%
74,762 Had Soualem
3%
56,019 Tit Mellil
3%
46,540 Al Aâroui
2%
40,652 El Aïoun Sidi Mellouk
2%
106,418 El Kelaâ des Sraghna
2%
97,380 Fkih Ben Salah
2%
88,676 Gueznaia
2%
48,172 Kasba Tadla
2%
58,558 Mehdia
2%
46,285 M'Rirt
2%
57,737 Ouezzane
2%
112,180 Ouislane
2%
67,255 Sidi Taïbi
2%
73,985 Aïn Attig
1%
78,163 Aït Amira
1%
56,954 Aït Ourir
1%
44,406 Aourir
1%
43,598 Sidi Bouknadel
1%
103,850 Tiflet
1%
89,531 Bni Yakhlef
0%
52,622 Ech-Challalate
0%
87,977 Lahraouyine
0%
44,614 Oulad Tayeb
0%
39,946 Sidi Yahya El Gharb
0%
60,293 Souk Sebt Oulad Nemma
0%
68,285 Tamensourt
0%
No matching quizzes found
Score Distribution
Percent of People with Each Score
Percentile by Number Answered
Your Score History
You have not taken this quiz